| 000 | 00942nac a22002411u 4500 | ||
|---|---|---|---|
| 020 | _a0976174928 | ||
| 020 | _a9780976174929 | ||
| 082 |
_a302.3 _bL126 |
||
| 090 |
_c2520 _d2520 |
||
| 100 | _aLaBrosse, PMP,Michelle | ||
| 245 |
_aCheetah Negotiatons : _bHow to get what you want, fast / _cMichelle LaBrosse PMP, Linda Lansky PMP |
||
| 260 |
_aCarson City,NV. : _bMaklaf press, _c2005. |
||
| 300 |
_axv,198p. : _bill. ; _c24 cm. |
||
| 440 |
_aCheetah success series _nBook 2 |
||
| 500 | _aShuaa. | ||
| 504 | _aIncludes bibliographical references and index | ||
| 650 |
_aNegotiation _vhandbooks,manuals,etc. _xPsychoological aspects |
||
| 650 | _aNegotiation in business | ||
| 650 | _aInterpersonal communication | ||
| 700 | _aLansky,PMP, Linda | ||
| 942 |
_cBB _k302.3 L126 |
||
| 999 |
_c2520 _d2520 |
||